[Event "Maplewood Pro Cup"]
[Site "Montreal CAN"]
[Date "2024.06.01"]
[Round "2.1"]
[White "Derraugh, Geordie"]
[Black "Preotu, Razvan"]
[Result "0-1"]
[WhiteElo "2177"]
[BlackElo "2463"]
[WhiteFideId "-1"]
[WhiteFideId "-1"]
[PlyCount "61"]
[GameId "2160767905935030"]
[EventDate "2024.05.31"]
[EventType "swiss"]
[EventRounds "6"]
[EventCountry "CAN"]

1. d4 Nf6 2. c4 g6 3. Nc3 d5 4. Bf4 Bg7 5. e3 c5 6. dxc5 Qa5 7. cxd5 Nxd5 8. Bb5+ Bd7 9. Bxd7+ Nxd7 10. Qxd5 Bxc3+ 11. Kf1 Qb5+ 12. Ne2 Bg7 13. Rd1 Nxc5 14. f3 O-O 15. b3 Rfe8 16. e4 Qb6 17. Qc4 Red8 18. Rxd8+ Rxd8 19. Be3 Rd1+ 20. Kf2 Rxh1 21. Bxc5 Qc7 22. Qb5 b6 23. Qe8+ Bf8 24. Be3 Qxh2 25. Bf4 Qh4+ 26. Bg3 Qg5 27. e5 e6 28. Bf4 Qh4+ 29. Ke3 Re1 30. Qa4 g5 31. Kd4 0-1

[Event "Maplewood Pro Cup"]
[Site "Montreal CAN"]
[Date "2024.06.01"]
[Round "3"]
[White "Sai, Krishna GV"]
[Black "Preotu, Razvan"]
[Result "1/2-1/2"]
[WhiteElo "2402"]
[BlackElo "2451"]
[WhiteFideId "-1"]
[WhiteFideId "-1"]
[PlyCount "133"]
[GameId "2160767905935052"]
[EventDate "2024.05.31"]
[EventType "swiss"]
[EventRounds "6"]
[EventCountry "CAN"]
[SourceTitle "CBM 220 Extra"]
[Source "ChessBase"]
[SourceDate "2024.07.31"]
[SourceVersion "1"]
[SourceVersionDate "2024.07.31"]
[SourceQuality "1"]

1. e4 e6 2. d4 d5 3. Nc3 Nf6 4. Bg5 dxe4 5. Nxe4 Be7 6. Bxf6 gxf6 7. Nf3 a6 8. Qe2 f5 9. Ned2 c5 10. dxc5 Qa5 11. h4 Nd7 12. c6 bxc6 13. c3 Bb7 14. Nc4 Qc7 15. Ng5 Rf8 16. Qh5 O-O-O 17. Nxf7 Rde8 18. O-O-O Nf6 19. Qe2 Qf4+ 20. Kb1 Qe4+ 21. Qxe4 Nxe4 22. Nfd6+ Nxd6 23. Rxd6 Bxd6 24. Nxd6+ Kc7 25. Nxe8+ Rxe8 26. Bd3 c5 27. Re1 f4 28. g3 fxg3 29. fxg3 h6 30. Bg6 Re7 31. h5 e5 32. g4 Bd5 33. Kc2 Be6 34. Rg1 Kd6 35. Kd3 Rb7 36. Rg2 Bxa2 37. Ke3 Be6 38. g5 hxg5 39. h6 g4 40. h7 Rb8 41. Rh2 Rh8 42. Be4 Ke7 43. Kf2 a5 44. Kg3 Kf7 45. Rh5 Kf6 46. Rh6+ Kf7 47. Kh4 Ke7 48. Kg5 g3 49. Rh1 Kf7 50. Kh6 g2 51. Rg1 Bh3 52. Bxg2 Bf5 53. Bd5+ Kf6 54. Rg7 e4 55. Rf7+ Ke5 56. Bc4 e3 57. Rxf5+ Kxf5 58. Kg7 Rxh7+ 59. Kxh7 Kf4 60. Kg6 Kf3 61. Kf5 e2 62. Bxe2+ Kxe2 63. Ke4 Kd2 64. Kd5 Kc2 65. Kxc5 Kxb2 66. Kb5 Kxc3 67. Kxa5 1/2-1/2

[Event "Maplewood Pro Cup"]
[Site "Montreal CAN"]
[Date "2024.06.02"]
[Round "5.6"]
[White "Saha, Ananda"]
[Black "Preotu, Razvan"]
[Result "0-1"]
[WhiteElo "2122"]
[BlackElo "2463"]
[WhiteFideId "-1"]
[WhiteFideId "-1"]
[PlyCount "70"]
[GameId "2160767905935101"]
[EventDate "2024.05.31"]
[EventType "swiss"]
[EventRounds "6"]
[EventCountry "CAN"]

1. e4 c5 2. Nf3 d6 3. d4 cxd4 4. Qxd4 Nc6 5. Qe3 g6 6. Be2 Bg7 7. O-O Nf6 8. h3 O-O 9. Rd1 Be6 10. Nc3 Rc8 11. Rb1 Qa5 12. a3 Ne5 13. Bd2 Nc4 14. Bxc4 Rxc4 15. b3 Rcc8 16. Na4 Qa6 17. Qd3 Qc6 18. Nc3 Qc5 19. a4 Nd7 20. b4 Qc4 21. Nb5 Qxc2 22. Qxc2 Rxc2 23. Nxa7 Ra8 24. Be3 Re2 25. Nb5 Ba2 26. Rbc1 Bb3 27. Rd3 Bc2 28. Rd2 Rxd2 29. Bxd2 Bxa4 30. Nc3 Bb3 31. Rb1 Be6 32. Rc1 Rc8 33. Ng5 Bb3 34. Nb5 Rxc1+ 35. Bxc1 Bc2 0-1

[Event "Maplewood Pro Cup"]
[Site "Montreal CAN"]
[Date "2024.06.02"]
[Round "6.4"]
[White "Preotu, Razvan"]
[Black "Lalonde, Olivier"]
[Result "1-0"]
[WhiteElo "2463"]
[BlackElo "1888"]
[WhiteFideId "-1"]
[WhiteFideId "-1"]
[PlyCount "99"]
[GameId "2160767905935120"]
[EventDate "2024.05.31"]
[EventType "swiss"]
[EventRounds "6"]
[EventCountry "CAN"]

1. e4 c5 2. Nf3 d6 3. d4 cxd4 4. Nxd4 Nf6 5. Nc3 Nc6 6. Bg5 Bd7 7. Qd2 Nxd4 8. Qxd4 Qa5 9. f4 Rc8 10. O-O-O h6 11. Bh4 g5 12. e5 gxh4 13. exf6 e6 14. Be2 Rg8 15. Bf3 Bc6 16. Qd3 Rg6 17. f5 Qxf5 18. Qxf5 exf5 19. Rhe1+ Kd8 20. Nd5 Bxd5 21. Rxd5 Rxf6 22. Ra5 Kc7 23. Rxa7 Rb8 24. Re3 d5 25. Bxd5 Ra6 26. Rc3+ Kd6 27. Rxb7 Rxb7 28. Bxb7 Rxa2 29. Kb1 Ra5 30. Rb3 Re5 31. h3 Kd7 32. Bf3 Kc8 33. Rb7 Be7 34. c3 Re3 35. Rb5 Kc7 36. Rxf5 Bg5 37. Rxf7+ Kb6 38. Kc2 Re1 39. b4 Rc1+ 40. Kb3 Bd2 41. Rb7+ Ka6 42. Rc7 Be1 43. Kb2 Bd2 44. Rd7 Bg5 45. Rd1 Rxd1 46. Bxd1 Kb5 47. Kb3 Kc6 48. c4 Kd6 49. c5+ Kd5 50. Kc3 1-0

[Event "Titled Tuesday 2024.05.21 Late"]
[Site "chess.com INT"]
[Date "2024.05.21"]
[Round "1"]
[White "Preotu, Razvan"]
[Black "Micic, Aleksa"]
[Result "1/2-1/2"]
[WhiteElo "2463"]
[BlackElo "2223"]
[WhiteFideId "-1"]
[WhiteFideId "-1"]
[PlyCount "78"]
[GameId "2130307544019603"]
[EventDate "2024.05.21"]
[EventType "swiss (blitz)"]
[EventRounds "11"]
[EventCountry "NET"]
[SourceTitle "The Week in Chess 1542"]
[Source "Mark Crowther"]
[SourceDate "2024.05.27"]
[SourceVersion "1"]
[SourceVersionDate "2024.05.27"]
[SourceQuality "2"]

1. e4 c5 2. Nf3 d6 3. d4 cxd4 4. Nxd4 Nf6 5. Nc3 g6 6. Be3 Bg7 7. f3 O-O 8. Qd2 Nc6 9. Bc4 Nxd4 10. Bxd4 Be6 11. Bb3 Qa5 12. O-O-O b5 13. Kb1 b4 14. Ne2 Qb5 15. Bxe6 fxe6 16. Qd3 Qxd3 17. cxd3 Nd7 18. Rc1 Rfc8 19. Bxg7 Kxg7 20. Nd4 Nc5 21. Rhd1 Kf7 22. Rc4 a5 23. Rdc1 Rcb8 24. Nc6 Rb6 25. Ne5+ Kg7 26. d4 Na6 27. Nc6 Kf7 28. Nxa5 Rb5 29. Nb3 g5 30. Rc8 Rxc8 31. Rxc8 e5 32. d5 e6 33. dxe6+ Kxe6 34. Rh8 Rb7 35. Kc2 Rc7+ 36. Kd2 Nc5 37. Nxc5+ dxc5 38. b3 Ra7 39. Kd3 Rxa2 1/2-1/2

[Event "Ontario op"]
[Site "Toronto CAN"]
[Date "2024.05.18"]
[Round "1.3"]
[White "Ahmed, Syed Ibrahim"]
[Black "Preotu, Razvan"]
[Result "0-1"]
[WhiteElo "1909"]
[BlackElo "2463"]
[WhiteFideId "-1"]
[WhiteFideId "-1"]
[PlyCount "86"]
[GameId "2160767905935253"]
[EventDate "2024.05.18"]
[EventType "swiss"]
[EventRounds "6"]
[EventCountry "CAN"]
[SourceTitle "10 Days #760"]
[Source "ChessMix"]
[SourceDate "2024.06.01"]
[SourceVersion "1"]
[SourceVersionDate "2024.06.01"]
[SourceQuality "1"]

1. d4 Nf6 2. Nf3 g6 3. c4 Bg7 4. e3 O-O 5. Be2 c5 6. d5 e6 7. Nc3 d6 8. O-O exd5 9. cxd5 Bg4 10. Nd2 Bxe2 11. Qxe2 Na6 12. Nc4 Nc7 13. a4 Nfxd5 14. Nxd5 Nxd5 15. Rd1 Nb4 16. Nxd6 Qe7 17. e4 Nc6 18. Be3 Bd4 19. Bf4 Rad8 20. Nb5 Rfe8 21. Re1 Qf6 22. Bg3 Bxb2 23. Rab1 Be5 24. Nc7 Bxc7 25. Bxc7 Rd4 26. f3 Qe7 27. Bf4 Rxa4 28. Bh6 Rb4 29. Rxb4 cxb4 30. Qc4 Qd7 31. Kh1 Re5 32. f4 Rh5 33. Bg5 h6 34. Bf6 Qe6 35. Qxe6 fxe6 36. e5 a5 37. Re3 Rf5 38. Rf3 a4 39. g4 Rxf6 40. exf6 b3 41. f5 b2 42. fxe6 b1=Q+ 43. Kg2 Qe4 0-1

[Event "Ontario op"]
[Site "Toronto CAN"]
[Date "2024.05.19"]
[Round "3.3"]
[White "Stevens, Christian"]
[Black "Preotu, Razvan"]
[Result "1/2-1/2"]
[WhiteElo "2252"]
[BlackElo "2463"]
[WhiteFideId "-1"]
[WhiteFideId "-1"]
[PlyCount "107"]
[GameId "2160767905935287"]
[EventDate "2024.05.18"]
[EventType "swiss"]
[EventRounds "6"]
[EventCountry "CAN"]
[SourceTitle "10 Days #760"]
[Source "ChessMix"]
[SourceDate "2024.06.01"]
[SourceVersion "1"]
[SourceVersionDate "2024.06.01"]
[SourceQuality "1"]

1. e4 c5 2. Nf3 d6 3. d4 cxd4 4. Nxd4 Nf6 5. f3 Nc6 6. c4 Qb6 7. Nb3 e6 8. Qe2 Be7 9. Be3 Qc7 10. Nc3 b6 11. Qd2 Ne5 12. Rc1 Bb7 13. Be2 Rc8 14. O-O Qb8 15. Nb5 a6 16. Na3 O-O 17. Rfd1 Bd8 18. Kh1 Bc7 19. Bg1 h5 20. Qe1 Ng6 21. Qb4 Ba8 22. Qa4 Bb7 23. Qb4 Bc6 24. Nd4 Ba8 25. Qa4 Bb7 26. b4 h4 27. b5 a5 28. Nc6 Qa8 29. Nc2 Nd7 30. N2d4 Rfe8 31. Bf1 Nc5 32. Qc2 Bd8 33. Nxd8 Rexd8 34. h3 Nf4 35. Qf2 Ng6 36. Qc2 Qb8 37. Bh2 Qc7 38. Nb3 e5 39. Bg1 Nf4 40. Be3 Nfe6 41. Qf2 Qe7 42. Nd2 Qf6 43. Nb1 Nf4 44. Nc3 Rd7 45. Rd2 Rcd8 46. Rcd1 g6 47. Kh2 Kg7 48. Qe1 Rh8 49. Bf2 Rdd8 50. Qe3 Qe7 51. Ne2 Nfe6 52. Nc3 Nf4 53. Ne2 Nfe6 54. Nc3 1/2-1/2

[Event "Ontario op"]
[Site "Toronto CAN"]
[Date "2024.05.19"]
[Round "4.2"]
[White "Preotu, Razvan"]
[Black "Sambuev, Bator"]
[Result "0-1"]
[WhiteElo "2463"]
[BlackElo "2455"]
[WhiteFideId "-1"]
[WhiteFideId "-1"]
[PlyCount "87"]
[GameId "2160767905935302"]
[EventDate "2024.05.18"]
[EventType "swiss"]
[EventRounds "6"]
[EventCountry "CAN"]
[SourceTitle "10 Days #760"]
[Source "ChessMix"]
[SourceDate "2024.06.01"]
[SourceVersion "1"]
[SourceVersionDate "2024.06.01"]
[SourceQuality "1"]

1. c4 e5 2. g3 Nc6 3. Bg2 g6 4. Nc3 Bg7 5. d3 d6 6. Rb1 Nge7 7. b4 a6 8. Nf3 O-O 9. O-O Rb8 10. e3 h6 11. Nd5 Nxd5 12. cxd5 Ne7 13. Nd2 b5 14. Nb3 Bb7 15. Na5 Ba8 16. Qb3 Qd7 17. Bb2 c6 18. e4 Rbc8 19. h4 Rc7 20. Kh2 cxd5 21. exd5 h5 22. Rbe1 Rfc8 23. Bh3 Qe8 24. Nc6 f5 25. Nxe7+ Qxe7 26. Rc1 Bh6 27. Rce1 Qf7 28. Bg2 Rc2 29. Bf3 Bb7 30. Kg1 Kh7 31. Bd1 Bxd5 32. Qxc2 Rxc2 33. Bxc2 Bd2 34. Re2 Bxb4 35. f4 e4 36. dxe4 Qa7+ 37. Kh2 Bc4 38. Rff2 fxe4 39. Bxe4 d5 40. Bb1 Bxe2 41. Rxe2 d4 42. Re6 Bc3 43. Rxg6 Kh8 44. Bc1 0-1

[Event "Ontario op"]
[Site "Toronto CAN"]
[Date "2024.05.20"]
[Round "5.4"]
[White "Gao, Heye"]
[Black "Preotu, Razvan"]
[Result "0-1"]
[WhiteElo "1908"]
[BlackElo "2463"]
[WhiteFideId "-1"]
[WhiteFideId "-1"]
[PlyCount "122"]
[GameId "2160767905935316"]
[EventDate "2024.05.18"]
[EventType "swiss"]
[EventRounds "6"]
[EventCountry "CAN"]
[SourceTitle "10 Days #760"]
[Source "ChessMix"]
[SourceDate "2024.06.01"]
[SourceVersion "1"]
[SourceVersionDate "2024.06.01"]
[SourceQuality "1"]

1. e4 c5 2. Nf3 d6 3. d4 cxd4 4. Nxd4 Nf6 5. Nc3 a6 6. f3 e6 7. Be3 h5 8. Qd2 Be7 9. Be2 Qc7 10. Nb3 Nbd7 11. Bf4 Ne5 12. Rd1 Bd7 13. O-O b5 14. a3 Rb8 15. Rfe1 h4 16. Bg5 h3 17. g3 Nc4 18. Bxc4 bxc4 19. Nd4 Rxb2 20. Rb1 Rxb1 21. Rxb1 O-O 22. Qe2 Nxe4 23. Nxe4 Bxg5 24. Nxg5 Qc5 25. Nxh3 Qxd4+ 26. Kg2 d5 27. Ng5 Qc3 28. f4 Ba4 29. Rc1 Rb8 30. Qh5 Be8 31. Qe2 Rb2 32. Kh3 Qf6 33. Kg2 Ba4 34. Kh1 Qf5 35. Qe3 Bxc2 36. Qa7 g6 37. Qd4 Rb1 38. Rxb1 Bxb1 39. Kg1 e5 40. Qxd5 exf4 41. Qxf5 Bxf5 42. Nf3 c3 43. Nd4 c2 44. Ne2 fxg3 45. hxg3 Kg7 46. Kf2 Kf6 47. Ke3 Bg4 48. Nc1 Kg5 49. Nd3 Bf5 50. Nc1 Kg4 51. Kf2 g5 52. Ne2 Bd3 53. Nc1 Bc4 54. Kg2 f5 55. a4 a5 56. Kf2 f4 57. Kg2 fxg3 58. Kg1 Kf3 59. Kh1 Kf2 60. Nd3+ Kf1 61. Nf4 c1=Q 0-1

[Event "Ontario op"]
[Site "Toronto CAN"]
[Date "2024.05.20"]
[Round "6.1"]
[White "Preotu, Razvan"]
[Black "Razin, Vadim"]
[Result "0-1"]
[WhiteElo "2463"]
[BlackElo "2361"]
[WhiteFideId "-1"]
[WhiteFideId "-1"]
[PlyCount "63"]
[GameId "2160767905935325"]
[EventDate "2024.05.18"]
[EventType "swiss"]
[EventRounds "6"]
[EventCountry "CAN"]
[SourceTitle "10 Days #760"]
[Source "ChessMix"]
[SourceDate "2024.06.01"]
[SourceVersion "1"]
[SourceVersionDate "2024.06.01"]
[SourceQuality "1"]

1. e4 e6 2. d4 d5 3. Nc3 Nf6 4. e5 Nfd7 5. f4 c5 6. Nf3 Nc6 7. Be3 Be7 8. a3 O-O 9. dxc5 Bxc5 10. Bxc5 Nxc5 11. b4 Nd7 12. Bd3 h6 13. O-O a5 14. b5 Ne7 15. Nd4 Nc5 16. Nce2 Bd7 17. c3 Qc7 18. a4 f6 19. exf6 Rxf6 20. Qd2 Raf8 21. Bc2 Be8 22. Nb3 Bg6 23. Qe3 Nxb3 24. Bxb3 Nf5 25. Qd2 Qc5+ 26. Nd4 Nd6 27. Rae1 Be4 28. Qe3 Rc8 29. Rc1 Qa3 30. Qe2 Rxf4 31. Bc2 Rxf1+ 32. Rxf1 0-1

[Event "Candidates Rapid"]
[Site "Toronto CAN"]
[Date "2024.04.16"]
[Round "1.3"]
[White "Gao, Lucy"]
[Black "Preotu, Razvan"]
[Result "0-1"]
[WhiteElo "1867"]
[BlackElo "2475"]
[WhiteFideId "-1"]
[WhiteFideId "-1"]
[PlyCount "64"]
[GameId "2160767905997756"]
[EventDate "2024.04.16"]
[EventType "swiss (rapid)"]
[EventRounds "6"]
[EventCountry "CAN"]
[SourceTitle "The Week in Chess 1569"]
[Source "Mark Crowther"]
[SourceDate "2024.12.02"]
[SourceVersion "1"]
[SourceVersionDate "2024.12.02"]
[SourceQuality "2"]

1. e4 c5 2. Nf3 d6 3. Bb5+ Nd7 4. O-O a6 5. Bd3 Ngf6 6. c3 b5 7. Bc2 Bb7 8. Qe2 e6 9. Rd1 Be7 10. d4 Qc7 11. a4 O-O 12. Nbd2 cxd4 13. Nxd4 b4 14. cxb4 e5 15. Nf5 Qxc2 16. Nxe7+ Kh8 17. f3 g6 18. Re1 Rfe8 19. Nd5 Nxd5 20. exd5 Bxd5 21. Ne4 Bxe4 22. fxe4 Rec8 23. Qf3 Kg8 24. Re2 Qd1+ 25. Qf1 Qd4+ 26. Rf2 Nf6 27. Kh1 Nxe4 28. Rxf7 Rf8 29. Rxf8+ Rxf8 30. Qxf8+ Kxf8 31. Bh6+ Ke8 32. Rf1 Nf2+ 0-1

[Event "Candidates Rapid"]
[Site "Toronto CAN"]
[Date "2024.04.16"]
[Round "2.3"]
[White "Preotu, Razvan"]
[Black "Suresh, Abhinav"]
[Result "1-0"]
[WhiteElo "2475"]
[BlackElo "1901"]
[WhiteFideId "-1"]
[WhiteFideId "-1"]
[PlyCount "69"]
[GameId "2160767905997762"]
[EventDate "2024.04.16"]
[EventType "swiss (rapid)"]
[EventRounds "6"]
[EventCountry "CAN"]
[SourceTitle "The Week in Chess 1569"]
[Source "Mark Crowther"]
[SourceDate "2024.12.02"]
[SourceVersion "1"]
[SourceVersionDate "2024.12.02"]
[SourceQuality "2"]

1. e4 c5 2. Nf3 Nc6 3. Bb5 g6 4. O-O Bg7 5. Re1 e5 6. Bxc6 dxc6 7. d3 Qe7 8. a4 a5 9. Nbd2 Nf6 10. Nc4 Nd7 11. Bg5 f6 12. Be3 O-O 13. c3 b6 14. d4 Ba6 15. b3 cxd4 16. cxd4 Rfd8 17. Qc2 Rab8 18. dxe5 fxe5 19. Rad1 Nc5 20. Rxd8+ Rxd8 21. Nxa5 bxa5 22. Bxc5 Qe6 23. Rd1 Rb8 24. Rd6 Qe8 25. Be3 Bb7 26. Qc4+ Kh8 27. Ng5 h6 28. Ne6 Bc8 29. Rd8 Bxe6 30. Rxe8+ Rxe8 31. Qxc6 Bf7 32. h3 Kh7 33. Bb6 Rb8 34. Qc7 Rf8 35. Bc5 1-0

[Event "Candidates Rapid"]
[Site "Toronto CAN"]
[Date "2024.04.16"]
[Round "3.3"]
[White "Mendes, Aaron Reeve"]
[Black "Preotu, Razvan"]
[Result "0-1"]
[WhiteElo "2320"]
[BlackElo "2475"]
[WhiteFideId "-1"]
[WhiteFideId "-1"]
[PlyCount "82"]
[GameId "2160767905997770"]
[EventDate "2024.04.16"]
[EventType "swiss (rapid)"]
[EventRounds "6"]
[EventCountry "CAN"]
[SourceTitle "The Week in Chess 1569"]
[Source "Mark Crowther"]
[SourceDate "2024.12.02"]
[SourceVersion "1"]
[SourceVersionDate "2024.12.02"]
[SourceQuality "2"]

1. e4 e6 2. d4 d5 3. e5 c5 4. c3 Nc6 5. Nf3 Qb6 6. Bd3 cxd4 7. O-O Bd7 8. Nbd2 Nge7 9. c4 Qc7 10. Re1 Nb4 11. Qb3 Nec6 12. cxd5 Na5 13. Qd1 Nxd3 14. d6 Qb6 15. Re4 Bc6 16. Rh4 g5 17. Rg4 h5 18. Rxg5 Bh6 19. Rxh5 O-O-O 20. b4 Qxb4 21. Rb1 Qc3 22. Ne4 Bxe4 23. Bxh6 Nxf2 24. Kxf2 Bxb1 25. Qxb1 Rxh6 26. Rxh6 Qe3+ 27. Kf1 Qxh6 28. Qc2+ Nc6 29. Nxd4 Qf4+ 30. Nf3 Kb8 31. h4 f6 32. Qh7 Qc4+ 33. Ke1 Nxe5 34. Nxe5 fxe5 35. d7 Qd5 36. h5 Rxd7 37. Qg8+ Kc7 38. h6 Qd2+ 39. Kf1 Qf4+ 40. Ke1 Qe3+ 41. Kf1 Rd1# 0-1

[Event "Candidates Rapid"]
[Site "Toronto CAN"]
[Date "2024.04.16"]
[Round "5.3"]
[White "Kang, Dorian"]
[Black "Preotu, Razvan"]
[Result "1-0"]
[WhiteElo "2071"]
[BlackElo "2475"]
[WhiteFideId "-1"]
[WhiteFideId "-1"]
[PlyCount "105"]
[GameId "2160767905997776"]
[EventDate "2024.04.16"]
[EventType "swiss (rapid)"]
[EventRounds "6"]
[EventCountry "CAN"]
[SourceTitle "The Week in Chess 1569"]
[Source "Mark Crowther"]
[SourceDate "2024.12.02"]
[SourceVersion "1"]
[SourceVersionDate "2024.12.02"]
[SourceQuality "2"]

1. e4 c5 2. Nf3 d6 3. d4 cxd4 4. Nxd4 Nf6 5. f3 e5 6. Nb3 d5 7. Bg5 d4 8. c3 Nc6 9. cxd4 Bb4+ 10. Bd2 Nxe4 11. Bxb4 Qh4+ 12. g3 Nxg3 13. hxg3 Qxh1 14. Ba3 Bh3 15. N1d2 O-O-O 16. Qc2 Bxf1 17. O-O-O Qg2 18. Rxf1 Qxg3 19. Qf5+ Kb8 20. Qxf7 Nxd4 21. Nc5 Ne2+ 22. Kd1 Rxd2+ 23. Kxd2 Qf4+ 24. Qxf4 Nxf4 25. Nd7+ Ka8 26. Nxe5 Re8 27. Re1 Rd8+ 28. Kc2 h5 29. Re4 Nd5 30. Nf7 Rc8+ 31. Kd2 Nf6 32. Rd4 b6 33. Rd8 Rxd8+ 34. Nxd8 h4 35. Ke2 Nd5 36. Ne6 g6 37. Bd6 Kb7 38. Nf4 Kc6 39. Nxd5 Kxd5 40. Be7 h3 41. Kf2 Kd4 42. Kg3 Ke3 43. f4 h2 44. Kxh2 Kxf4 45. Kg2 Ke3 46. Kg3 Kd3 47. a3 Kc2 48. Bf6 b5 49. Kg4 a5 50. Kg5 Kb3 51. Kxg6 b4 52. axb4 Kxb4 53. Be7+ 1-0

[Event "Candidates Rapid"]
[Site "Toronto CAN"]
[Date "2024.04.16"]
[Round "6.7"]
[White "Preotu, Razvan"]
[Black "Fradkin, Benjamin"]
[Result "1-0"]
[WhiteElo "2475"]
[BlackElo "1795"]
[WhiteFideId "-1"]
[WhiteFideId "-1"]
[PlyCount "61"]
[GameId "2160767905997787"]
[EventDate "2024.04.16"]
[EventType "swiss (rapid)"]
[EventRounds "6"]
[EventCountry "CAN"]
[SourceTitle "The Week in Chess 1569"]
[Source "Mark Crowther"]
[SourceDate "2024.12.02"]
[SourceVersion "1"]
[SourceVersionDate "2024.12.02"]
[SourceQuality "2"]

1. e4 c5 2. Nf3 d6 3. d4 cxd4 4. Nxd4 Nf6 5. Nc3 Nc6 6. Bg5 e5 7. Bxf6 Qxf6 8. Nd5 Qg6 9. Nxc6 bxc6 10. Nc7+ Kd7 11. Nxa8 Qxe4+ 12. Be2 Ba6 13. f3 Qxe2+ 14. Qxe2 Bxe2 15. Kxe2 Be7 16. Rhd1 Rxa8 17. Rd3 d5 18. Rad1 Ke6 19. Rb3 Bc5 20. Rb7 Bb6 21. a4 f5 22. Rxg7 e4 23. Rxh7 Rg8 24. g3 d4 25. fxe4 fxe4 26. a5 Bc5 27. b4 d3+ 28. cxd3 exd3+ 29. Rxd3 Bxb4 30. Rxa7 c5 31. a6 1-0

[Event "CAN-ch"]
[Site "Toronto CAN"]
[Date "2024.03.27"]
[Round "1.3"]
[White "Preotu, Razvan"]
[Black "Abrahams, Daniel"]
[Result "1-0"]
[WhiteElo "2467"]
[BlackElo "2166"]
[WhiteFideId "-1"]
[WhiteFideId "-1"]
[PlyCount "109"]
[GameId "2160767906027131"]
[EventDate "2024.03.27"]
[EventType "swiss"]
[EventRounds "10"]
[EventCountry "CAN"]

1. e4 c5 2. Nf3 e6 3. c3 d5 4. exd5 Qxd5 5. d4 Nf6 6. Na3 a6 7. Nc4 Nbd7 8. Be2 b5 9. Ne3 Qc6 10. O-O Bb7 11. a4 Be7 12. dxc5 Qxc5 13. Nd4 b4 14. cxb4 Qxb4 15. Ra3 Nc5 16. Nc4 Bd5 17. Ne3 Bb7 18. a5 Be4 19. f3 Rd8 20. fxe4 Rxd4 21. Nc2 Rxd1 22. Nxb4 Rd4 23. Nc6 Rxe4 24. Bf3 Rc4 25. b3 Rc3 26. b4 Nce4 27. Rxc3 Nxc3 28. Bd2 Ncd5 29. Be2 Nc7 30. Nb8 Nfd5 31. Nxa6 Nxa6 32. Bxa6 Bxb4 33. Bxb4 Nxb4 34. Bb7 Ke7 35. Rb1 Nd5 36. a6 Nc7 37. a7 Rd8 38. Bf3 f5 39. Rb7 Kd6 40. Rb8 Ke7 41. Rxd8 Kxd8 42. Kf2 Kd7 43. Ke3 e5 44. a8=Q Nxa8 45. Bxa8 g5 46. Kd3 g4 47. Kc4 Kd6 48. Bb7 h5 49. Bc8 f4 50. Bb7 Ke6 51. Kd3 Kf5 52. Bc8+ Kg5 53. Ke4 h4 54. Kxe5 g3 55. hxg3 1-0

[Event "CAN-ch"]
[Site "Toronto CAN"]
[Date "2024.03.28"]
[Round "2.3"]
[White "Jaferian, Koosha"]
[Black "Preotu, Razvan"]
[Result "1-0"]
[WhiteElo "2234"]
[BlackElo "2467"]
[WhiteFideId "-1"]
[WhiteFideId "-1"]
[PlyCount "83"]
[GameId "2160767906027161"]
[EventDate "2024.03.27"]
[EventType "swiss"]
[EventRounds "10"]
[EventCountry "CAN"]

1. e4 c5 2. c3 Nf6 3. e5 Nd5 4. Nf3 d6 5. Bb5+ Bd7 6. Bc4 e6 7. d4 dxe5 8. Nxe5 Nc6 9. Nxd7 Qxd7 10. dxc5 Bxc5 11. O-O Rd8 12. Qc2 O-O 13. Nd2 Ne5 14. Be2 Qc7 15. Ne4 Be7 16. Ng5 Ng6 17. g3 Qc8 18. Qe4 Rd6 19. Nf3 f5 20. Qc4 Qd8 21. Qa4 a6 22. c4 Nf6 23. c5 Rd5 24. b4 Ne4 25. Bb2 Bf6 26. Qc2 Ne5 27. Bxe5 Bxe5 28. Rad1 Qf6 29. Bc4 Rdd8 30. Qb3 Bd4 31. Bxe6+ Kh8 32. Nxd4 Rxd4 33. Rxd4 Qxd4 34. Qc4 Qe5 35. Qd5 Qf6 36. Bd7 g6 37. Qxb7 Qd4 38. Bc6 Nd2 39. Rd1 f4 40. Qe7 Kg8 41. Qe6+ Kg7 42. Qd7+ 1-0

[Event "CAN-ch"]
[Site "Toronto CAN"]
[Date "2024.03.28"]
[Round "3.10"]
[White "Doknjas, John"]
[Black "Preotu, Razvan"]
[Result "1/2-1/2"]
[WhiteElo "2190"]
[BlackElo "2467"]
[WhiteFideId "-1"]
[WhiteFideId "-1"]
[PlyCount "102"]
[GameId "2160767906027198"]
[EventDate "2024.03.27"]
[EventType "swiss"]
[EventRounds "10"]
[EventCountry "CAN"]

1. e4 c5 2. Nf3 d6 3. d4 cxd4 4. Nxd4 Nf6 5. Nc3 a6 6. h3 e6 7. g4 h6 8. Bg2 Be7 9. O-O g5 10. Be3 Nbd7 11. a4 Ne5 12. Nde2 h5 13. f3 b6 14. Qe1 Bb7 15. Bxg5 hxg4 16. fxg4 Nfd7 17. Bxe7 Qxe7 18. Qf2 O-O-O 19. Rad1 Rdg8 20. Qd4 f5 21. Qxd6 Qxd6 22. Rxd6 fxg4 23. hxg4 Nxg4 24. Rxe6 Nc5 25. Rxb6 Ne3 26. Rf2 Nxe4 27. Nxe4 Bxe4 28. Nf4 Rh4 29. Rb3 Rxf4 30. Rxe3 Rxf2 31. Kxf2 Rxg2+ 32. Kf1 Rg4 33. b3 Kc7 34. Rc3+ Kd6 35. Ke2 a5 36. Kd2 Kd5 37. Kc1 Rg2 38. Rc4 Ke5 39. Kb2 Kf4 40. Rc3 Bg6 41. Kb1 Ke4 42. Kb2 Kd4 43. Rc4+ Ke3 44. Rc7 Rd2 45. Kc1 Rd5 46. Rc6 Be4 47. Rc7 Ke2 48. Rc4 Bf5 49. Rc6 Rd1+ 50. Kb2 Rd5 51. Kc1 Rd1+ 1/2-1/2

[Event "CAN-ch"]
[Site "Toronto CAN"]
[Date "2024.03.30"]
[Round "5.7"]
[White "Terry, Joshua"]
[Black "Preotu, Razvan"]
[Result "0-1"]
[WhiteElo "2213"]
[BlackElo "2467"]
[WhiteFideId "-1"]
[WhiteFideId "-1"]
[PlyCount "82"]
[GameId "2160767906027258"]
[EventDate "2024.03.27"]
[EventType "swiss"]
[EventRounds "10"]
[EventCountry "CAN"]

1. d4 d5 2. c4 Nc6 3. Nf3 Bg4 4. cxd5 Bxf3 5. dxc6 Bxc6 6. Nc3 Nf6 7. f3 e5 8. dxe5 Nd7 9. e6 fxe6 10. e4 Qh4+ 11. g3 Qf6 12. Bg2 h5 13. h4 Bd6 14. f4 Qg6 15. Rh3 Bb4 16. Qd4 Bxc3+ 17. bxc3 O-O-O 18. Be3 Nb6 19. Qb4 a5 20. Qxa5 Bxe4 21. Bf1 Rd5 22. Qb4 Rhd8 23. a4 Bf5 24. Bf2 Bg4 25. Bxb6 cxb6 26. Rh2 Rd1+ 27. Rxd1 Rxd1+ 28. Kf2 Qc2+ 29. Kg1 Rxf1+ 30. Kxf1 Qxh2 31. Qf8+ Kc7 32. Qxg7+ Kc6 33. Qe5 Qh1+ 34. Kf2 Qf3+ 35. Ke1 Qxg3+ 36. Kd2 Qf2+ 37. Kc1 Qf1+ 38. Kd2 Qd1+ 39. Ke3 Qe2+ 40. Kd4 Qxe5+ 41. fxe5 Bd1 0-1

[Event "CAN-ch"]
[Site "Toronto CAN"]
[Date "2024.03.31"]
[Round "7.8"]
[White "Preotu, Razvan"]
[Black "Xu, Daniel"]
[Result "1-0"]
[WhiteElo "2467"]
[BlackElo "2212"]
[WhiteFideId "-1"]
[WhiteFideId "-1"]
[PlyCount "79"]
[GameId "2160767906027322"]
[EventDate "2024.03.27"]
[EventType "swiss"]
[EventRounds "10"]
[EventCountry "CAN"]

1. d4 Nf6 2. c4 g6 3. Nc3 Bg7 4. e4 d6 5. h3 O-O 6. Be3 e5 7. d5 a5 8. g4 Na6 9. Nge2 c6 10. Ng3 Nc5 11. Be2 Bd7 12. Kf1 a4 13. Kg2 cxd5 14. cxd5 Qa5 15. Rc1 b5 16. g5 Ne8 17. h4 Rc8 18. h5 a3 19. b3 b4 20. Nb1 Nc7 21. Bxc5 dxc5 22. Bg4 Qb5 23. Nd2 Rcd8 24. Nc4 Be8 25. d6 Na8 26. hxg6 fxg6 27. Nxe5 Nc7 28. dxc7 Rxd1 29. c8=Q Bf7 30. Rcxd1 Rxc8 31. Nxf7 Rf8 32. Nd6 Qb6 33. Be6+ Kh8 34. Rxh7+ Kxh7 35. Rh1+ Bh6 36. Rxh6+ Kg7 37. Ndf5+ Rxf5 38. exf5 Qc6+ 39. f3 Kf8 40. Bc4 1-0